Installing services in historic buildings (Record no. 75760)

MARC details
000 -LEADER
fixed length control field 00790cab a2200181 4500
001 - CONTROL NUMBER
control field 130657
008 - FIXED-LENGTH DATA ELEMENTS--GENERAL INFORMATION
fixed length control field 050823n2005 000 0 eng u
035 ## - SYSTEM CONTROL NUMBER
System control number (Sirsi) u130657
041 ## - LANGUAGE CODE
Language code of text/sound track or separate title eng
100 ## - MAIN ENTRY--PERSONAL NAME
Personal name Hume, Ian
245 ## - TITLE STATEMENT
Title Installing services in historic buildings
260 ## - PUBLICATION, DISTRIBUTION, ETC.
Date of publication, distribution, etc. 2005
490 ## - SERIES STATEMENT
Series statement Context
Volume/sequential designation (90) July 2005, 17-18(2)
520 ## - SUMMARY, ETC.
Summary, etc. Discusses what should be considered when installing modern services in historic buildings in order to minimise damage and to maintain their historic character. Advises early consideration of the service requirements of the building and to involve the services and structural engineers from an early stage.
590 ## - LOCAL NOTE (RLIN)
Local note IKA300805
690 ## - LOCAL SUBJECT ADDED ENTRY--TOPICAL TERM (OCLC, RLIN)
Topical term or geographic name as entry element BUILT ENVIRONMENT-BUILDING TYPES-HISTORIC BUILDINGS AND ANCIENT MONUMENTS
942 ## - ADDED ENTRY ELEMENTS (KOHA)
Suppress in OPAC 0
Holdings
Withdrawn status Lost status Source of classification or shelving scheme Damaged status Not for loan Home library Current library Shelving location Date acquired Total Checkouts Full call number Barcode Date last seen Copy number Price effective from Koha item type
    Dewey Decimal Classification     London London Journal article 23/08/2005   L130657 130657-1001 06/08/2019 1 06/08/2019 Journal article